Statistics for Weekdays in Icelandic

Click here to take the quiz!

General Stats

  • This quiz has been taken 48 times
  • The average score is 6 of 7

Answer Stats

HintAnswer% Correct
4SundaySunnudagur
91%
4MondayMánudagur
91%
4ThursdayFimmtudagur
85%
4SaturdayLaugardagur
82%
4FridayFöstudagur
79%
4WednesdayMiđvikudagur
76%
4TuesdayÞriđjudagur
71%

Score Distribution

Percentile by Number Answered

Percent of People with Each Score

Your Score History

You have not taken this quiz